Meiji Taishō bungaku zenshū. Dai 59-kan.
Saved in:
| Main Author: | |
|---|---|
| Other Authors: | |
| Format: | Book |
| Language: | Japanese |
| Published: |
Tōkyō :
Shunʾyōdō,
[between 1927 and 1932]
|
| Subjects: | |
| Tags: |
Add Tag
No Tags, Be the first to tag this record!
|
| LEADER | 01127nam a2200277ui 4500 | ||
|---|---|---|---|
| 001 | 007791182-2 | ||
| 005 | 20024617122053.0 | ||
| 008 | 980515q19271932ja 000 0 jpn d | ||
| 035 | 0 | |a ocm39128293 | |
| 040 | |a *YNH* |c *YNH* |d CStRLIN | ||
| 100 | 1 | |6 880-01 |a Sasaki, Mitsuzō. | |
| 245 | 1 | 0 | |6 880-02 |a Meiji Taishō bungaku zenshū. |n Dai 59-kan. |
| 260 | |6 880-03 |a Tōkyō : |b Shunʾyōdō, |c [between 1927 and 1932] | ||
| 300 | |a 1 v. ; |c 20 cm. | ||
| 505 | 0 | |6 880-04 |a Sasaki Mitsuzō: Umon torimono chō -- Naoki Sanjūgo: Adauchi jōrurizaka. | |
| 650 | 0 | |a Japanese literature |y Meiji period, 1868-1912. | |
| 650 | 0 | |a Japanese literature |y Taishō period, 1912-1926. | |
| 650 | 0 | |a Japanese literature |y Shōwa period, 1926-1989. | |
| 700 | 1 | |6 880-05 |a Naoki, Sanjūgo, |d 1891-1934. | |
| 880 | 1 | |6 100-01 |a 佐々木味津三. | |
| 880 | 1 | 0 | |6 245-02 |a 明治大正文學全集. |n 第59卷. |
| 880 | |6 260-03 |a 東京 : |b 春陽堂, |c [between 1927 and 1932] | ||
| 880 | 0 | |6 505-04 |a 佐々木味津三: 右門捕物帳 -- 直木三十五: 仇討上瑠璃坂. | |
| 880 | 1 | |6 700-05 |a 直木三十五, |d 1891-1934. | |
| 988 | |a 20021221 | ||
| 906 | |0 MH | ||


